[Event "4NCL Division 2a"]
[Site "Barcelo Hotel, Hinkley Island "]
[Date "2012.03.31"]
[Round "7.45"]
[White "Guthrie, David W"]
[Black "Lewyk, Ihor"]
[Result "0-1"]
[WhiteElo "2175"]
[BlackElo "2091"]
[PlyCount "80"]
[EventDate "2012.03.31"]

1. d4 Nf6 2. c4 c5 3. d5 b5 4. Nf3 bxc4 5. Nc3 g6 6. e4 d6 7. Bxc4 Bg7 8. e5
dxe5 9. Nxe5 O-O 10. O-O Ne8 11. Re1 Nd6 12. Bb3 Bb7 13. Bf4 Nd7 14. Nc6 Bxc6
15. dxc6 Nb6 16. Nd5 Nxd5 17. Qxd5 Bxb2 18. Rad1 Bd4 19. Rxe7 Qxe7 20. Bxd6 Qf6
21. Bxf8 Qxf2+ 22. Kh1 Rxf8 23. c7 Qh4 24. Qxf7+ Rxf7 25. c8=Q+ Kg7 26. Bxf7
Kxf7 27. Rf1+ Ke7 28. Qc7+ Ke6 29. Qxa7 Be5 30. Qf7+ Kd6 31. Rd1+ Bd4 32. a4
Qg4 33. Rb1 Bc3 34. Qxh7 c4 35. h3 Qe4 36. Rb6+ Kc5 37. Qc7+ Kd4 38. Rd6+ Ke3
39. Qb6+ Bd4 40. Qb5 Kf2 0-1

[Event "4NCL Division 2a"]
[Site "Barcelo Hotel, Hinkley Island "]
[Date "2012.03.31"]
[Round "7.46"]
[White "Weller, Pierre"]
[Black "Mackenzie, Colin"]
[Result "1-0"]
[WhiteElo "1987"]
[BlackElo "2096"]
[PlyCount "59"]
[EventDate "2012.03.31"]

1. e4 e6 2. d4 d5 3. Nd2 c5 4. Ngf3 Nc6 5. Bb5 Bd7 6. exd5 exd5 7. dxc5 Qe7+ 8.
Be2 Qxc5 9. Nb3 Qd6 10. O-O Nf6 11. Re1 Be7 12. Be3 O-O 13. Nfd4 a6 14. Nxc6
Qxc6 15. Bd3 Bd6 16. Bd4 Bxh2+ 17. Kxh2 Ng4+ 18. Kg1 Qh6 19. Be5 f6 20. Bg3 f5
21. Be2 f4 22. Bxg4 fxg3 23. fxg3 Qb6+ 24. Nd4 Bf5 25. Bxf5 Rxf5 26. Re6 Qa7
27. c3 Raf8 28. Qg4 Rf2 29. Re7 g6 30. Qe6+ 1-0

[Event "4NCL Division 2a"]
[Site "Barcelo Hotel, Hinkley Island "]
[Date "2012.03.31"]
[Round "7.47"]
[White "Stevenson, James AB"]
[Black "Archer, Richard"]
[Result "1-0"]
[WhiteElo "2080"]
[BlackElo "2014"]
[PlyCount "105"]
[EventDate "2012.03.31"]

1. e4 c5 2. Nc3 Nc6 3. Bb5 d6 4. f4 e6 5. Nf3 Be7 6. Bxc6+ bxc6 7. O-O Nf6 8.
b3 O-O 9. Qe2 Qb6 10. Na4 Qc7 11. Bb2 Bb7 12. c4 Rad8 13. e5 Nd7 14. exd6 Bxd6
15. g3 Rfe8 16. Rae1 h6 17. Qf2 Bc8 18. Re2 Rf8 19. Rfe1 a6 20. Bc3 Bb7 21. Ne5
Nxe5 22. fxe5 Be7 23. Nxc5 Bxc5 24. Qxc5 Rd3 25. Re3 Qd7 26. Rxd3 Qxd3 27. Qd6
Rd8 28. Qxd3 Rxd3 29. Kf2 Kf8 30. Ke2 Rd7 31. Bb4+ Ke8 32. Bc5 f5 33. exf6 gxf6
34. d4 Kf7 35. Rf1 Kg6 36. Ke3 h5 37. Kf4 Bc8 38. Re1 Rd8 39. Ke4 Bb7 40. Rf1
Rd7 41. Rf4 Rh7 42. Kd3 Bc8 43. Kc3 Rb7 44. a4 Kg5 45. a5 Kg6 46. Bb6 Rh7 47.
Kb4 h4 48. Bd8 hxg3 49. hxg3 Rh5 50. Bxf6 c5+ 51. dxc5 Bd7 52. Bd8 Rh1 53. Rd4
1-0

[Event "4NCL Division 2b"]
[Site "Barcelo Hotel, Hinkley Island "]
[Date "2012.03.31"]
[Round "7.11"]
[White "Rendle, Thomas E"]
[Black "Richmond, Peter A"]
[Result "0-1"]
[WhiteElo "2383"]
[BlackElo "2228"]
[PlyCount "90"]
[EventDate "2012.03.31"]

1. e4 g6 2. d4 Bg7 3. Nc3 c5 4. dxc5 Bxc3+ 5. bxc3 Qa5 6. Qd4 Nf6 7. Qb4 Qxb4
8. cxb4 a5 9. e5 Ng4 10. b5 Nxe5 11. Bb2 f6 12. Nf3 Nxf3+ 13. gxf3 a4 14. a3 b6
15. cxb6 Bb7 16. Bd3 Bxf3 17. O-O d6 18. Rae1 Nd7 19. Re3 Bb7 20. f4 e5 21.
fxe5 dxe5 22. Bc3 Rc8 23. Bb4 f5 24. Bd6 e4 25. Bc7 Ke7 26. c4 Nc5 27. Rd1 Ne6
28. Bd6+ Kf7 29. Bb1 Rhd8 30. Ba2 Nc5 31. Ree1 Ke6 32. Bxc5 Rxd1 33. Rxd1 Rxc5
34. Rd8 f4 35. Rb8 e3 36. Rxb7 f3 37. h4 Re5 38. c5+ Kf5 39. Rf7+ Kg4 40. Rxf3
e2 41. Rf1 exf1=Q+ 42. Kxf1 Rxc5 43. Be6+ Kf3 44. Kg1 Rxb5 45. b7 Kg3 0-1

[Event "4NCL Division 2b"]
[Site "Barcelo Hotel, Hinkley Island "]
[Date "2012.03.31"]
[Round "7.12"]
[White "Girdlestone, Paul C"]
[Black "Roberson, Peter T"]
[Result "0-1"]
[WhiteElo "2191"]
[BlackElo "2283"]
[PlyCount "48"]
[EventDate "2012.03.31"]

1. c4 b6 2. Nc3 Bb7 3. d4 e6 4. Bf4 Bb4 5. Qb3 Nc6 6. Nf3 Qe7 7. a3 Bxc3+ 8.
Qxc3 Nf6 9. b4 d6 10. e3 O-O 11. Be2 Ne4 12. Qc2 f5 13. b5 Nb8 14. h4 Nd7 15.
Bh2 Ndf6 16. Bd3 Ng4 17. Bg1 Rac8 18. Rc1 c6 19. bxc6 Bxc6 20. Rh3 d5 21. Ng5
Nxg5 22. hxg5 dxc4 23. Be2 Qxa3 24. Bxg4 b5 0-1

[Event "4NCL Division 2b"]
[Site "Barcelo Hotel, Hinkley Island "]
[Date "2012.03.31"]
[Round "7.13"]
[White "Murphy, Hugh W"]
[Black "Padilla Cabero, Pablo"]
[Result "1-0"]
[WhiteElo "2217"]
[BlackElo "2167"]
[PlyCount "105"]
[EventDate "2012.03.31"]

1. e4 d6 2. d4 f5 3. Nc3 Nf6 4. Bd3 fxe4 5. Nxe4 Nc6 6. Nxf6+ exf6 7. Qh5+ g6
8. Qe2+ Kf7 9. c3 d5 10. Be3 Be6 11. h4 Ne7 12. h5 Rg8 13. hxg6+ hxg6 14. O-O-O
Qd7 15. Nh3 Bg4 16. f3 Bf5 17. g4 Bxd3 18. Qxd3 Qa4 19. Kb1 Qc4 20. Qd2 Bg7 21.
Nf2 Rh8 22. Nd3 Rxh1 23. Rxh1 Rh8 24. Re1 Re8 25. Bf4 g5 26. Bg3 Qc6 27. f4
gxf4 28. Nxf4 Qd7 29. Qe2 c6 30. g5 Qf5+ 31. Ka1 fxg5 32. Qh5+ Ng6 33. Rxe8
Kxe8 34. Qxg6+ Qxg6 35. Nxg6 Kf7 36. Ne5+ Ke6 37. Kb1 Kf5 38. Kc2 c5 39. Kd3
c4+ 40. Ke3 g4 41. Bf4 Bf6 42. Nd7 Bh4 43. Nc5 b6 44. Nd7 Be1 45. Bb8 Ke6 46.
Ne5 g3 47. Kf3 a6 48. Ng6 Bd2 49. Nf4+ Kd7 50. Nxd5 Kc6 51. Ne3 b5 52. Bxg3 Bc1
53. Nd1 1-0

[Event "4NCL Division 2b"]
[Site "Barcelo Hotel, Hinkley Island "]
[Date "2012.03.31"]
[Round "7.14"]
[White "Headlong, Timothy"]
[Black "Lutton, J Ezra"]
[Result "1/2-1/2"]
[WhiteElo "2179"]
[BlackElo "2105"]
[PlyCount "50"]
[EventDate "2012.03.31"]

1. Nf3 Nf6 2. c4 g6 3. Nc3 Bg7 4. e4 d6 5. d4 O-O 6. Be2 e5 7. d5 Na6 8. O-O
Nc5 9. Qc2 Nh5 10. b4 Na6 11. a3 f5 12. Ne1 Nf4 13. Bf3 g5 14. Ra2 g4 15. Bd1
Qh4 16. g3 Nh3+ 17. Kh1 Qh5 18. f3 f4 19. fxg4 Bxg4 20. Bxg4 Qxg4 21. Qe2 Qg6
22. Qg2 Qh5 23. Qe2 Qg6 24. Qg2 Qh5 25. Qe2 Qg6 1/2-1/2

[Event "4NCL Division 2b"]
[Site "Barcelo Hotel, Hinkley Island "]
[Date "2012.03.31"]
[Round "7.15"]
[White "Purton, Ben J"]
[Black "Haydon, Richard"]
[Result "1/2-1/2"]
[WhiteElo "2145"]
[BlackElo "2173"]
[PlyCount "33"]
[EventDate "2012.03.31"]

1. e4 c5 2. Nf3 Nc6 3. Bb5 g6 4. O-O Bg7 5. Bxc6 dxc6 6. d3 e5 7. Be3 Qe7 8. a4
Bg4 9. Nbd2 Nf6 10. h3 Bxf3 11. Qxf3 Nd7 12. a5 Nf8 13. Ra3 Ne6 14. Nc4 O-O 15.
Rb3 f5 16. exf5 gxf5 17. c3 1/2-1/2

[Event "4NCL Division 2b"]
[Site "Barcelo Hotel, Hinkley Island "]
[Date "2012.03.31"]
[Round "7.16"]
[White "Hackett, Dave G"]
[Black "Varnam, Liam D"]
[Result "1-0"]
[WhiteElo "2130"]
[BlackElo "2060"]
[PlyCount "85"]
[EventDate "2012.03.31"]

1. e4 e5 2. d4 exd4 3. Qxd4 Nc6 4. Qe3 Nge7 5. Nc3 d6 6. Nf3 Ng6 7. Bc4 Nge5 8.
Nxe5 Nxe5 9. Bb3 Be6 10. O-O c6 11. Qe2 b5 12. f4 Bc4 13. Bxc4 Nxc4 14. Kh1 Be7
15. b3 Nb6 16. Bb2 b4 17. Nd1 O-O 18. Ne3 Bf6 19. e5 dxe5 20. fxe5 Bg5 21. Rad1
Qc7 22. Nf5 g6 23. Qg4 h6 24. h4 gxf5 25. Rxf5 Nd5 26. Rxg5+ hxg5 27. Qxg5+ Kh7
28. Rd4 Rg8 29. Qf5+ Kg7 30. e6 Kf8 31. Re4 Re8 32. Be5 Qe7 33. Bd6 f6 34.
Bxe7+ Rxe7 35. h5 Rg5 36. Qf3 Rh7 37. g4 Ke7 38. Qf2 Ke8 39. Qc5 Rc7 40. Qd6 f5
41. Rd4 Rxg4 42. Rxg4 fxg4 43. Kg1 1-0

[Event "4NCL Division 2b"]
[Site "Barcelo Hotel, Hinkley Island "]
[Date "2012.03.31"]
[Round "7.17"]
[White "Cairns, Stephen"]
[Black "Martin, Lewis"]
[Result "1/2-1/2"]
[WhiteElo "2098"]
[BlackElo "1976"]
[PlyCount "108"]
[EventDate "2012.03.31"]

1. d4 Nf6 2. c4 g6 3. Nc3 d5 4. cxd5 Nxd5 5. e4 Nxc3 6. bxc3 Bg7 7. Bc4 O-O 8.
Ne2 c5 9. O-O Nc6 10. Be3 Qa5 11. Rb1 a6 12. a4 Rb8 13. Bf4 e5 14. Bg3 b5 15.
axb5 axb5 16. Bd3 c4 17. Bc2 Bb7 18. d5 Rbd8 19. f3 Rfe8 20. Qc1 Nb8 21. Ra1
Qc7 22. Qb2 Ba6 23. Ra2 Bf8 24. Rfa1 Bc5+ 25. Kh1 Rd6 26. f4 f6 27. Ng1 Rb6 28.
fxe5 fxe5 29. Nf3 Bd6 30. Ng5 Bc8 31. Rf1 Rf8 32. Raa1 h6 33. Rxf8+ Bxf8 34.
Nf3 Bd6 35. h3 Na6 36. Rf1 b4 37. cxb4 c3 38. Qc1 Kg7 39. b5 Rxb5 40. Bd3 Rb2
41. Qe3 Nb4 42. Bxe5+ Bxe5 43. Nxe5 Nxd3 44. Nxd3 Ba6 45. Qd4+ Kh7 46. d6 Qg7
47. Qxg7+ Kxg7 48. d7 Rb8 49. Rc1 Bxd3 50. Rxc3 Ba6 51. Rc6 Rd8 52. Rxa6 Rxd7
53. Kg1 Rd4 54. e5 Re4 1/2-1/2

[Event "4NCL Division 2b"]
[Site "Barcelo Hotel, Hinkley Island "]
[Date "2012.03.31"]
[Round "7.21"]
[White "Clarke, Brandon GI"]
[Black "Carleton, John J"]
[Result "1/2-1/2"]
[WhiteElo "2138"]
[BlackElo "2293"]
[PlyCount "60"]
[EventDate "2012.03.31"]

1. e4 Nf6 2. e5 Nd5 3. c4 Nb6 4. d4 d6 5. exd6 exd6 6. Nc3 Nc6 7. d5 Ne5 8. f4
Ned7 9. Nf3 Be7 10. Be3 Bf6 11. Qc2 O-O 12. Bd3 Re8 13. Kf2 Bxc3 14. Qxc3 Nc5
15. Bxc5 dxc5 16. Rae1 Nd7 17. h3 Nf6 18. Re5 Qd6 19. g4 Bd7 20. Bc2 g6 21.
Rhe1 c6 22. Rxe8+ Rxe8 23. Rxe8+ Nxe8 24. Qe5 cxd5 25. cxd5 f6 26. Qxd6 Nxd6
27. Nd2 Kf7 28. a3 a5 29. a4 b6 30. b3 b5 1/2-1/2

[Event "4NCL Division 2b"]
[Site "Barcelo Hotel, Hinkley Island "]
[Date "2012.03.31"]
[Round "7.22"]
[White "Ivell, Nicholas W"]
[Black "Mason, Donald J"]
[Result "1/2-1/2"]
[WhiteElo "2335"]
[BlackElo "2227"]
[PlyCount "44"]
[EventDate "2012.03.31"]

1. e4 e6 2. d4 d5 3. e5 c5 4. c3 Qb6 5. Nf3 Nc6 6. a3 c4 7. Be2 Bd7 8. O-O Na5
9. Nbd2 h6 10. a4 O-O-O 11. b4 cxb3 12. Bb2 Ne7 13. c4 dxc4 14. Nxc4 Nxc4 15.
Bxc4 Bc6 16. a5 Qc7 17. a6 b6 18. Qxb3 Qd7 19. Rfc1 Kb8 20. Bf1 Qd5 21. Bc4 Qd7
22. Bf1 Qd5 1/2-1/2

[Event "4NCL Division 2b"]
[Site "Barcelo Hotel, Hinkley Island "]
[Date "2012.03.31"]
[Round "7.24"]
[White "Jackson, Sheila"]
[Black "Pitcher, John"]
[Result "0-1"]
[WhiteElo "2162"]
[BlackElo "2205"]
[PlyCount "120"]
[EventDate "2012.03.31"]

1. e4 c5 2. c3 b6 3. d4 Bb7 4. Bd3 Nf6 5. Nd2 cxd4 6. cxd4 Nc6 7. Ne2 g6 8. O-O
Bg7 9. e5 Nd5 10. Be4 Na5 11. a3 Rc8 12. b4 Nc4 13. Nxc4 Rxc4 14. Qb3 Qc8 15.
Bd2 O-O 16. Bd3 Rc7 17. f4 e6 18. Rac1 Qa8 19. Rxc7 Nxc7 20. Rf2 Rd8 21. b5 d6
22. Bb4 dxe5 23. dxe5 Be4 24. Bc4 a5 25. Bd6 Ne8 26. Be7 Rd7 27. Bh4 a4 28. Qg3
Bf8 29. Rf1 Bc5+ 30. Kh1 Rd2 31. f5 Bxf5 32. Bg5 Rd7 33. h4 Qe4 34. Rc1 Ng7 35.
Qf4 Qxf4 36. Bxf4 Nh5 37. Bh2 Be3 38. Rf1 Rc7 39. Rf3 Bh6 40. Bd3 Bg4 41. Rf1
Be3 42. Nf4 Bxf4 43. Bxf4 Rc3 44. Rc1 Rxd3 45. Rc8+ Kg7 46. Bg5 h6 47. Be7 Rd5
48. Bd6 g5 49. hxg5 hxg5 50. Rc4 Be2 51. Rxa4 Bxb5 52. Rb4 Nf4 53. a4 Rd1+ 54.
Kh2 Bc6 55. Rxb6 Bxg2 56. Rb8 Bd5 57. Be7 Rd2+ 58. Kg1 Rg2+ 59. Kf1 Kg6 60. Bf6
Kf5 0-1

[Event "4NCL Division 2b"]
[Site "Barcelo Hotel, Hinkley Island "]
[Date "2012.03.31"]
[Round "7.25"]
[White "Thomas, Nicholas"]
[Black "Ackley, Peter JE"]
[Result "1/2-1/2"]
[WhiteElo "2268"]
[BlackElo "2047"]
[PlyCount "42"]
[EventDate "2012.03.31"]

1. e4 e6 2. d4 d5 3. Nc3 Bb4 4. e5 c5 5. Qg4 Ne7 6. dxc5 Nbc6 7. Bd2 Nf5 8. Nf3
h5 9. Qf4 Bxc5 10. Bd3 a6 11. Bxf5 exf5 12. O-O-O Be6 13. Be3 Bb4 14. Nxd5 Qa5
15. Nxb4 Nxb4 16. Bd2 Nd3+ 17. cxd3 Rc8+ 18. Bc3 Rxc3+ 19. bxc3 Qxc3+ 20. Kb1
Bxa2+ 21. Kxa2 Qc2+ 1/2-1/2

[Event "4NCL Division 2b"]
[Site "Barcelo Hotel, Hinkley Island "]
[Date "2012.03.31"]
[Round "7.26"]
[White "Connor, Stephen J"]
[Black "Holt, Philip J"]
[Result "1/2-1/2"]
[WhiteElo "2069"]
[BlackElo "2255"]
[PlyCount "60"]
[EventDate "2012.03.31"]

1. e4 e5 2. Nf3 d6 3. d4 exd4 4. Nxd4 Nf6 5. Nc3 Be7 6. Be2 O-O 7. O-O Re8 8.
Be3 c6 9. a4 Qc7 10. h3 Bf8 11. Bd3 Nbd7 12. Re1 a5 13. Bg5 g6 14. Qd2 Bg7 15.
Nf3 Nc5 16. Bf4 Nh5 17. Bh2 Be5 18. Bc4 Be6 19. Bxe6 Nxe6 20. Bxe5 dxe5 21. Qe3
f6 22. g3 Re7 23. Rad1 Ra6 24. b3 Qb6 25. Qxb6 Rxb6 26. Rd6 Rb4 27. Na2 Rb6 28.
Nc3 Rb4 29. Na2 Rb6 30. Nc3 Rb4 1/2-1/2

[Event "4NCL Division 2b"]
[Site "Barcelo Hotel, Hinkley Island "]
[Date "2012.03.31"]
[Round "7.27"]
[White "Lam, Paul GM"]
[Black "Mort, Andrew J"]
[Result "1/2-1/2"]
[WhiteElo "2117"]
[BlackElo "2017"]
[PlyCount "50"]
[EventDate "2012.03.31"]

1. e4 c6 2. Nf3 d5 3. Nc3 dxe4 4. Nxe4 Nf6 5. Nxf6+ gxf6 6. d4 Bf5 7. Bd3 Bg6
8. Bxg6 hxg6 9. Bf4 e6 10. Qd2 Bd6 11. O-O-O Bxf4 12. Qxf4 Nd7 13. Nd2 Qb8 14.
Qf3 Qc7 15. h4 O-O-O 16. Nc4 Kb8 17. h5 Rxh5 18. Rxh5 gxh5 19. Qxh5 Qf4+ 20.
Kb1 Qxf2 21. Qh2+ Ka8 22. Qc7 Rb8 23. Qxd7 Qe2 24. Ne3 Qxe3 25. Qxf7 f5 1/2-1/2

[Event "4NCL Division 2b"]
[Site "Barcelo Hotel, Hinkley Island "]
[Date "2012.03.31"]
[Round "7.28"]
[White "Robertson, David J"]
[Black "Hynes, AM (Tony)"]
[Result "0-1"]
[WhiteElo "1918"]
[BlackElo "2187"]
[PlyCount "88"]
[EventDate "2012.03.31"]

1. e4 c5 2. Nf3 d6 3. d4 cxd4 4. Nxd4 Nf6 5. Nc3 Nc6 6. Bg5 e6 7. Qd2 a6 8.
O-O-O Bd7 9. f4 b5 10. Bxf6 gxf6 11. Kb1 Qb6 12. Nxc6 Bxc6 13. Bd3 Rg8 14. Rhe1
O-O-O 15. g3 b4 16. Ne2 d5 17. exd5 Bxd5 18. c4 Bf3 19. Qc2 f5 20. Ka1 Bc5 21.
Rc1 Kb8 22. Ng1 b3 23. Qc3 Bd4 24. Qd2 Be4 25. Bxe4 fxe4 26. c5 Bxc5 27. Qc3
Bd4 28. Qxb3 Qxb3 29. axb3 Bxg1 30. Rxg1 Rd2 31. Rge1 f5 32. Rc6 Re8 33. Re3
Kb7 34. Rc4 Rxh2 35. Rb4+ Ka7 36. Rc4 Re7 37. g4 Rf2 38. gxf5 exf5 39. Rc6 Rxf4
40. Rf6 Rf1+ 41. Ka2 f4 42. Rc3 e3 43. Rcc6 e2 44. Rxa6+ Kb7 0-1

[Event "4NCL Division 2b"]
[Site "Barcelo Hotel, Hinkley Island "]
[Date "2012.03.31"]
[Round "7.31"]
[White "Jones, Richard S"]
[Black "Clarke, Stuart W"]
[Result "1-0"]
[WhiteElo "2395"]
[BlackElo "2303"]
[PlyCount "49"]
[EventDate "2012.03.31"]

1. e4 e6 2. d4 d5 3. Nc3 Bb4 4. e5 c5 5. a3 Bxc3+ 6. bxc3 Ne7 7. Qg4 Qc7 8.
Qxg7 Rg8 9. Qxh7 cxd4 10. Ne2 Nbc6 11. f4 Bd7 12. Qd3 dxc3 13. Nxc3 a6 14. Ne2
O-O-O 15. Rb1 Nf5 16. Rg1 Na5 17. g4 Nh4 18. Rg3 Nc4 19. Qc3 f6 20. exf6 e5 21.
fxe5 Rxg4 22. Nf4 Re8 23. f7 Rxe5+ 24. Be2 Qc5 25. Qb4 1-0

[Event "4NCL Division 2b"]
[Site "Barcelo Hotel, Hinkley Island "]
[Date "2012.03.31"]
[Round "7.32"]
[White "Walton, Alan J"]
[Black "Kett, Timothy J"]
[Result "0-1"]
[WhiteElo "2159"]
[BlackElo "2213"]
[PlyCount "90"]
[EventDate "2012.03.31"]

1. d4 d6 2. e4 Nf6 3. Nc3 e5 4. Nf3 Nbd7 5. Bc4 Be7 6. O-O c6 7. h3 b5 8. Bd3
a6 9. Ne2 O-O 10. c3 c5 11. d5 c4 12. Bc2 Nc5 13. Ng3 Re8 14. Be3 Qc7 15. Nd2
Bf8 16. f4 exf4 17. Rxf4 Nxd5 18. exd5 Rxe3 19. Bxh7+ Kxh7 20. Qh5+ Kg8 21. Rh4
f6 22. Nf3 Rxf3 23. Qxf3 Qf7 24. Rd1 Ra7 25. b4 Nd3 26. Ne2 Re7 27. Nc1 Nxc1
28. Rxc1 Re5 29. Rd4 Bb7 30. Rcd1 Be7 31. a4 bxa4 32. Rxc4 Bd8 33. Rg4 Bb6+ 34.
Kh2 Bxd5 35. Qd3 Be6 36. Rh4 g5 37. Rh6 Bf5 38. Qxa6 Bc7 39. Qa8+ Re8 40. Qc6
Kg7 41. Rf1 d5+ 42. Kg1 Kxh6 43. Rxf5 Re6 44. Qxa4 Bb6+ 45. Kf1 Qc7 0-1

[Event "4NCL Division 2b"]
[Site "Barcelo Hotel, Hinkley Island "]
[Date "2012.03.31"]
[Round "7.33"]
[White "Spice, Alan P"]
[Black "Jaunooby, Ali Reza"]
[Result "1-0"]
[WhiteElo "2129"]
[BlackElo "2189"]
[PlyCount "113"]
[EventDate "2012.03.31"]

1. Nc3 d5 2. e4 d4 3. Nce2 e5 4. Ng3 Be6 5. c3 c5 6. Nf3 f6 7. Bb5+ Nc6 8.
Bxc6+ bxc6 9. d3 h5 10. h4 Qd7 11. c4 Bg4 12. Qe2 Rb8 13. Nf1 Ne7 14. N1h2 Ng6
15. g3 Bh3 16. Nf1 Bd6 17. Ng1 Bg4 18. Qc2 Qf7 19. Bd2 O-O 20. f3 Be6 21. O-O-O
a5 22. Kb1 a4 23. Ka1 a3 24. b3 Qa7 25. Nh3 Qd7 26. Nf2 f5 27. exf5 Rxf5 28.
Nh2 Rff8 29. Ne4 Ne7 30. Bc1 Nf5 31. Rdg1 Be7 32. Nf1 Ne3 33. Qe2 Rbd8 34. Bxa3
Qa7 35. Bc1 Ra8 36. Nxe3 dxe3 37. Rh2 Rfb8 38. Qc2 Rf8 39. Qe2 Rfb8 40. Qd1 Qb7
41. Kb1 Qa7 42. Rb2 Rd8 43. Bxe3 Qa3 44. Qe2 Rd7 45. Qf2 Bf5 46. g4 hxg4 47.
fxg4 Bh7 48. g5 Bg6 49. h5 Bxh5 50. g6 Rf8 51. Qh2 Rf5 52. Qh3 Bxg6 53. Rxg6
Rxd3 54. Qxf5 Rxe3 55. Qe6+ Kf8 56. Rf2+ Bf6 57. Rfxf6+ 1-0

[Event "4NCL Division 2b"]
[Site "Barcelo Hotel, Hinkley Island "]
[Date "2012.03.31"]
[Round "7.34"]
[White "Adams, Philip"]
[Black "Brown, Tom"]
[Result "1/2-1/2"]
[WhiteElo "2097"]
[BlackElo "2082"]
[PlyCount "51"]
[EventDate "2012.03.31"]

1. e4 c6 2. c4 d5 3. exd5 cxd5 4. cxd5 Nf6 5. Nc3 Nxd5 6. Nf3 Nc6 7. Bb5 e6 8.
O-O Be7 9. d4 O-O 10. Re1 Bd7 11. Bd2 Nf6 12. a3 Rc8 13. Bd3 Qc7 14. Rc1 Qb8
15. Bb1 Rfd8 16. Qc2 Be8 17. Be3 g6 18. Qe2 a6 19. Ba2 b5 20. d5 Nxd5 21. Nxd5
exd5 22. Rcd1 Bf6 23. Bxd5 Ne7 24. Bb3 Rxd1 25. Rxd1 Nf5 26. Bg5 1/2-1/2

[Event "4NCL Division 2b"]
[Site "Barcelo Hotel, Hinkley Island "]
[Date "2012.03.31"]
[Round "7.35"]
[White "Morris, Gareth L"]
[Black "Horton, Jamie A"]
[Result "1-0"]
[WhiteElo "2105"]
[BlackElo "1999"]
[PlyCount "83"]
[EventDate "2012.03.31"]

1. Nf3 c5 2. c4 g6 3. g3 Bg7 4. Bg2 Nc6 5. O-O e6 6. e3 Nge7 7. d4 cxd4 8. exd4
d5 9. cxd5 Nxd5 10. Nc3 Nde7 11. Bg5 h6 12. Be3 O-O 13. Qd2 Kh7 14. Rfd1 b6 15.
Rac1 Bb7 16. h4 Rc8 17. Qd3 Kh8 18. Qb1 Ba8 19. d5 exd5 20. Bh3 f5 21. Nb5 a6
22. Nbd4 Nxd4 23. Bxd4 Rxc1 24. Qxc1 Bxd4 25. Qxh6+ Kg8 26. Nxd4 Qd6 27. h5 Qf6
28. Re1 Rf7 29. hxg6 Qxg6 30. Qxg6+ Nxg6 31. Re8+ Rf8 32. Rxf8+ Kxf8 33. Bxf5
Ne7 34. Be6 Bb7 35. f4 Ng6 36. Kh2 Ke7 37. Kh3 Kf6 38. Kg2 Nf8 39. Bh3 a5 40.
Kf3 Ba6 41. g4 Bc4 42. a3 1-0

[Event "4NCL Division 2b"]
[Site "Barcelo Hotel, Hinkley Island "]
[Date "2012.03.31"]
[Round "7.36"]
[White "Whitehead, David J"]
[Black "Trevelyan, John"]
[Result "0-1"]
[WhiteElo "2049"]
[BlackElo "2120"]
[PlyCount "110"]
[EventDate "2012.03.31"]

1. e4 d6 2. d4 e5 3. Nf3 Nc6 4. Bb5 Bd7 5. O-O Nf6 6. Re1 Nxd4 7. Nxd4 exd4 8.
Bxd7+ Nxd7 9. Qxd4 Ne5 10. Bf4 Qf6 11. Bxe5 dxe5 12. Qa4+ c6 13. Nd2 Bc5 14.
Rf1 O-O-O 15. Nb3 Bb6 16. c4 Qe7 17. Rac1 a6 18. c5 Ba7 19. Na5 Rd4 20. b4 Qe6
21. a3 Rhd8 22. Rfd1 Qa2 23. Rxd4 Rxd4 24. h3 Kc7 25. Nxc6 bxc6 26. Qxa6 Bb8
27. Qb6+ Kc8 28. Qxc6+ Bc7 29. Qa6+ Kd8 30. b5 Qd2 31. Rf1 Qa5 32. Qc6 Qa4 33.
Qb7 Ba5 34. Qb8+ Ke7 35. Qxe5+ Kf8 36. b6 Rd8 37. b7 Qb5 38. Kh2 Qxb7 39. c6
Qc7 40. Qxc7 Bxc7+ 41. g3 Rd2 42. Rc1 Rxf2+ 43. Kg1 Ra2 44. Rc3 Ke7 45. g4 Ke6
46. g5 Re2 47. Kf1 Rxe4 48. Rd3 Rc4 49. Re3+ Kd6 50. Rf3 Ke6 51. Re3+ Be5 52.
Ke2 Rxc6 53. Kf3 Rc3 54. Rxc3 Bxc3 55. Kg4 g6 0-1

[Event "4NCL Division 2b"]
[Site "Barcelo Hotel, Hinkley Island "]
[Date "2012.03.31"]
[Round "7.37"]
[White "Blackburn, Suzy G"]
[Black "Burton, Graham P"]
[Result "1-0"]
[WhiteElo "1945"]
[BlackElo "2055"]
[PlyCount "79"]
[EventDate "2012.03.31"]

1. d4 Nf6 2. Nf3 e6 3. Bg5 c5 4. e3 Qb6 5. Qc1 Be7 6. c3 Nc6 7. Nbd2 d5 8. Bd3
Bd7 9. O-O Rc8 10. Qb1 Qc7 11. Re1 h6 12. Bh4 b6 13. a3 O-O 14. c4 Qd8 15. cxd5
exd5 16. Bg3 Nh5 17. Ba6 Ra8 18. Bb7 Nxg3 19. Bxa8 Qxa8 20. hxg3 Bf6 21. dxc5
bxc5 22. Qc2 c4 23. e4 Rb8 24. Rab1 Na5 25. e5 Be7 26. Nd4 Bc5 27. N2f3 Nb3 28.
Qc3 Bg4 29. e6 Bxe6 30. Nxe6 fxe6 31. Rxe6 Rf8 32. Rbe1 Qb7 33. Qe5 Nd2 34. Re8
Nxf3+ 35. gxf3 Rxe8 36. Qxe8+ Kh7 37. Re6 Qxb2 38. Qg6+ Kg8 39. Re8+ Bf8 40.
Qe6+ 1-0

[Event "4NCL Division 2b"]
[Site "Barcelo Hotel, Hinkley Island "]
[Date "2012.03.31"]
[Round "7.41"]
[White "Cooper, John G"]
[Black "Webb, Richard M"]
[Result "0-1"]
[WhiteElo "2351"]
[BlackElo "2265"]
[PlyCount "128"]
[EventDate "2012.03.31"]

1. Nf3 c5 2. c4 Nf6 3. g3 d5 4. cxd5 Nxd5 5. Bg2 Nc6 6. Nc3 Nc7 7. O-O e5 8. a3
f6 9. e3 Be7 10. d4 cxd4 11. exd4 exd4 12. Ne2 Ne6 13. b4 d3 14. Nf4 Nxf4 15.
Bxf4 O-O 16. b5 Na5 17. Rc1 Bd6 18. Bd2 a6 19. Rc3 Be7 20. Qb1 axb5 21. Qxb5
Bd7 22. Qd5+ Kh8 23. Rxd3 Bc6 24. Qf5 Qc8 25. Qh5 Qe8 26. Qh4 Bb5 27. Re3 Bxf1
28. Bxf1 Nc6 29. Bd3 f5 30. Qh3 Qf7 31. Ne5 Nxe5 32. Rxe5 g6 33. Rxe7 Qxe7 34.
Bc3+ Rf6 35. Qh4 Kg7 36. a4 Rc8 37. Bb2 Qd6 38. g4 fxg4 39. Qxg4 Rc6 40. Be4
Rc4 41. a5 Rd4 42. Qe2 Qe5 43. Bxd4 Qxd4 44. Bxb7 Qa1+ 45. Kg2 Qxa5 46. Qe3 Qb4
47. Bf3 Qf4 48. Qxf4 Rxf4 49. Kg3 g5 50. Be2 Rd4 51. Bh5 Kf6 52. f3 Rh4 53. Be8
h5 54. h3 Kg7 55. Kg2 Kh6 56. Kg3 Rb4 57. Bf7 h4+ 58. Kf2 Kg7 59. Be6 Kf6 60.
Bg4 Ke5 61. Ke3 Rb3+ 62. Ke2 Kf4 63. Bh5 Rb2+ 64. Kd3 Rf2 0-1

[Event "4NCL Division 2b"]
[Site "Barcelo Hotel, Hinkley Island "]
[Date "2012.03.31"]
[Round "7.42"]
[White "Cooksey, Paul S"]
[Black "Zeidler, Sven P"]
[Result "1-0"]
[WhiteElo "2273"]
[BlackElo "2279"]
[PlyCount "105"]
[EventDate "2012.03.31"]

1. d4 f5 2. Nc3 d5 3. Bg5 c6 4. e3 Qb6 5. a3 Nd7 6. Bd3 e6 7. Nge2 Ngf6 8. O-O
Be7 9. Na4 Qa5 10. b3 h6 11. Bxf6 Nxf6 12. c4 O-O 13. Nf4 Bd6 14. Ng6 Rd8 15.
c5 Bb8 16. b4 Qc7 17. f4 Bd7 18. Nc3 Be8 19. Ne5 Qe7 20. Qd2 g5 21. Kh1 Bc7 22.
a4 b6 23. Ne2 a5 24. cxb6 Bxb6 25. b5 c5 26. dxc5 Qxc5 27. Nd4 Ne4 28. Bxe4
dxe4 29. Qa2 Qd5 30. Qxd5 Rxd5 31. Nxe6 gxf4 32. Nc4 Rb8 33. Nxf4 Rdd8 34. Nxb6
Rxb6 35. Rfd1 Rbd6 36. Rxd6 Rxd6 37. Rb1 Kf7 38. Kg1 Ke7 39. Ne2 Kd8 40. Nd4
Bd7 41. Kf2 Kc7 42. Rb2 Kb6 43. Kg3 Rd5 44. Kf4 Rc5 45. h4 Rd5 46. Rc2 Kb7 47.
Rc3 Kb6 48. Rc1 Kb7 49. Rh1 Kb6 50. Rh3 Kc5 51. Rg3 Rd6 52. Rg7 Kb4 53. Ke5 1-0

[Event "4NCL Division 2b"]
[Site "Barcelo Hotel, Hinkley Island "]
[Date "2012.03.31"]
[Round "7.43"]
[White "Redmond, John P"]
[Black "Holland, James P"]
[Result "1/2-1/2"]
[WhiteElo "2246"]
[BlackElo "2199"]
[PlyCount "40"]
[EventDate "2012.03.31"]

1. Nf3 d5 2. c4 e6 3. g3 Nf6 4. Bg2 Be7 5. O-O O-O 6. d4 c5 7. dxc5 Bxc5 8. a3
a5 9. Nc3 Nc6 10. cxd5 exd5 11. Bg5 d4 12. Bxf6 Qxf6 13. Nd5 Qf5 14. Nd2 Rd8
15. Nf4 Bd6 16. Nd3 Be6 17. Rc1 Rac8 18. Ne4 Bd5 19. Nxd6 Rxd6 20. Rc5 b6
1/2-1/2